Lines in the water : nature and culture at Lake Titicaca (Record no. 233349)

MARC details
000 -LEADER
fixed length control field 00747nam a2200217Ia 4500
008 - FIXED-LENGTH DATA ELEMENTS--GENERAL INFORMATION
fixed length control field 191130s2002##################000#0#eng##
020 ## - INTERNATIONAL STANDARD BOOK NUMBER
ISBN 9780520229594
082 ## - DEWEY DECIMAL CLASSIFICATION NUMBER
Classification number 984.12 ORL
100 ## - MAIN ENTRY--AUTHOR NAME
Personal name Orlove, Benjamin S
245 ## - TITLE STATEMENT
Title Lines in the water : nature and culture at Lake Titicaca
Statement of responsibility, etc Ben Orlove
260 ## - PUBLICATION, DISTRIBUTION, ETC. (IMPRINT)
Place of publication Berkeley
Name of publisher University of California Press
Year of publication c2002
300 ## - PHYSICAL DESCRIPTION
Number of Pages xxvii, 287 p. : ill., maps ; 24 cm
500 ## - GENERAL NOTE
General note Includes index
650 ## - SUBJECT ADDED ENTRY--TOPICAL TERM
Topical Term Titicaca, Lake, Region (Peru and Bolivia) - Description and travel
Topical Term Titicaca, Lake, Region (Peru and Bolivia) - Social life and customs
991 ## -
-- 304626
Holdings
Withdrawn status Lost status Damaged status Not for loan Home library Current library Shelving location Date acquired Full call number Accession Number Price effective from Koha item type
        Anna Centenary Library Anna Centenary Library 7TH FLOOR, B WING 13.10.2020 984.12 ORL 167848 13.10.2020 English Books

Find us on the map